Welcome to the Holygrace Academy Library

Please use search bar below to get started

THE KING BOAR (Record no. 2279)

MARC details
000 -LEADER
fixed length control field 00339nam a22001457a 4500
082 ## - DEWEY DECIMAL CLASSIFICATION NUMBER
Classification number 823
Item number JAY/K
100 ## - MAIN ENTRY--AUTHOR NAME
Personal name JAYSHREE, NIDHI
245 ## - TITLE STATEMENT
Title THE KING BOAR
Remainder of title MORAL STORIES
246 ## - VARYING FORM OF TITLE
Title proper/short title THE KING BOAR
Remainder of title MORAL STORIES
260 ## - PUBLICATION, DISTRIBUTION, ETC. (IMPRINT)
Place of publication SIVAKASI
Name of publisher ESHA PUBLICATION
300 ## - PHYSICAL DESCRIPTION
Number of Pages 16
520 ## - SUMMARY, ETC.
Summary, etc MORAL STORY
650 ## - SUBJECT ADDED ENTRY--TOPICAL TERM
Topical Term MORAL STORY
942 ## - ADDED ENTRY ELEMENTS (KOHA)
Koha item type Books
Holdings
Withdrawn status Lost status Home library Current library Shelving location Date acquired Source of acquisition Cost, normal purchase price Full call number Accession Number Koha item type Collection code
    Main Library Main Library SHELF 4-D MYTHOLOGY 11/12/2019 Purchase 30.00 823 JAY/K 12283 Books  
    Main Library Main Library SHELF 3- E- ENGLISH CHILDRENS LITERATURE &MYTHOLOGY 04/05/2011 PURCHASE   823 JAY/K 05814 Books Fiction